| 000 | 00666nam a2200229 a 4500 | ||
|---|---|---|---|
| 001 | 67492 | ||
| 003 | BD-RjUL | ||
| 005 | 20211209081649.0 | ||
| 008 | 170325s1960 en 000 0 eng | ||
| 035 | _a(BD-RjUL)67623 | ||
| 040 |
_aDLC _cDLC _dBD-RjUL _beng |
||
| 041 | 1 | _aengger | |
| 082 | 0 | 0 |
_a150.1954 _223 _bJUU 1960 |
| 100 | 1 |
_aJung, C. G. _9199988 |
|
| 245 | 1 | 4 |
_aThe undiscovered self / _c C. G Jung & Translated from the German by R. F. C. Hull. |
| 260 |
_aLondon : _bRoutledge & kegan paul, _cc1958[Thired im. 1960] |
||
| 300 |
_a113 p. ; _c20 cm. |
||
| 650 | 0 |
_aSelf. _9199989 |
|
| 700 |
_aHull, R. F. C. _9199990 |
||
| 942 |
_2ddc _cBK |
||
| 999 |
_c67492 _d67492 |
||